000 02123cam a2200421 i 4500
999 _c10694
_d10694
001 18356005
003 GZU
005 20220831155327.0
008 140922t20142014enka b 001 0 eng
010 _a 2014471115
020 _a9781780172774 (pbk.)
020 _a178017277X (pbk.)
022 _a178017277X
040 _aDLC
_beng
_cDLC
_erda
042 _apcc
050 0 0 _aHD69.
_bBUS 2014
245 0 0 _aBusiness analysis /
_cDebra Paul, James Cadle and Donald Yeates (editors).
250 _aThird edition.
264 1 _aSwindon, United Kingdom :
_bBCS, The Chartered Institute for IT,
_c[2014]
264 4 _c©2014
300 _axxviii, 280 pages :
_billustrations ;
_c25 cm
336 _atext
_2rdacontent
337 _aunmediated
_2rdamedia
338 _avolume
_2rdacarrier
500 _aTitle from title screen
504 _aIncludes bibliographical references and index.
505 _an/a
520 _a"Business analysts must respond to the challenges of today's highly competitive global economy by developing practical, creative and financially sound solutions that will address business problems and grasp new opportunities. This excellent guide sets out the essential toolkit required. It is also ideal for students wanting to gain university and industry qualifications in business analysis and information systems, and is particularly beneficial for those studying for the BCS Professional Certificate in Business Analysis. Important additions in the third edition include expanded discussions regarding gap analysis and benefits management, the impact of Agile software development and an introduction to business architecture." -- Unedited summary from book
650 0 _aSystem analysis.
650 0 _aManagement information systems.
650 0 _aOrganizational effectiveness.
700 1 _aPaul, Debra,
_eeditor.
700 1 _aCadle, James,
_eeditor.
700 1 _aYeates, Donald,
_eeditor.
906 _a7
_bcbc
_corigres
_d3
_encip
_f20
_gy-gencatlg
942 _2lcc
_cBK
_eThird edition
_h69
_iBUS
_kHD